000 01281nam a2200301 i 4500
001 185320
003 ES-MaACL
005 20250828044056.0
008 160520s2015 sp |||| | spa d
020 _a978-84-941430-2-1
080 _a373.2(460)
080 _a372.3(460)
245 0 3 _aLa educación infantil en España
_b: planteamiento, situación y perspectivas de la educación de 0 a 6 años /
_cPepa Alcrudo, Alicia Alonso, Mercedes Escobar, Alfredo Hoyuelos, Ángeles Medina, Alicia Vallejo.
246 3 4 _aLa educación infantil de 0 a 6 años en España
250 _a1ª ed.
260 _a[Madrid] :
_bFantasía,
_c2015.
300 _a341 p. ;
_c24 cm.
490 1 _aCausas justas ;
_v1
504 _aBibliografía: p. 219-231; p. 278-279.
505 8 _aContiene: ;
_tUn recorrido histórico por la educación infantil: de la dictadura a la democracia (1970-2012)
650 0 7 _aEducación Infantil
_2embne
_912111
650 4 _aEnseñanza preescolar-
_zEspaña.
_9156680
740 3 2 _aUn recorrido histórico por la educación infantil: de la dictadura a la democracia (1970-2012)
830 0 _aCausas justas ;
_v1
_9225188
852 _aES-MaACL
_jA-13757
_9192345
_bR.150994
_cDEPO1
_dOlim: N-6757
942 _2udc
_cMONOGRAFIA
999 _c185320
_d185320